000 00687nam a2200205 a 4500
001 000025872
005 20200930024120.0
008 110223s1976 txua r 000 0 spa d
040 _aDO-SdBNP
_bspa
_cBNPHU
041 1 7 _aspa
_heng
_2Español.
082 _aNNN
_bT238c
100 1 _aTaylor, Kenneth N.
_952722
240 1 0 _aCreation and the hing school student
_lEspañol
245 1 0 _aLa creación /
_cKenneth N. Taylor ; versión castellana Roberto Ingledew.
260 _aEl Paso, Tex. :
_bMundo Hispano,
_c1976.
300 _a64 p. :
_bil. ;
_c18 cm.
534 _aTítulo original:
_tCreation and the hing school student
700 1 _aIngledew, Roberto
_etr.
_952723
049 _aBNGR
999 _c25364
_d25364